| 000 | 00544nam a2200253Ia 4500 | ||
|---|---|---|---|
| 001 | 070762 | ||
| 003 | YMCAF | ||
| 005 | 20230512160649.0 | ||
| 008 | 100717s1991 ||||||||||||||||| ||und|d | ||
| 020 | _a- | ||
| 024 | _a70762 | ||
| 035 | _a10225 | ||
| 040 |
_aYMCAF _beng _cIN-KoLT |
||
| 041 | _aeng | ||
| 082 |
_a510 _bVIS |
||
| 100 | _aVISHVANATH | ||
| 245 | 0 | _aENGINEERING MATHEMATICS VOL.I | |
| 250 | _a- | ||
| 260 |
_bSATYA PARKASHAN _c1991 |
||
| 300 | _a681 | ||
| 653 | _aMATHEMATICS | ||
| 653 | _aMATHEMATICS | ||
| 942 |
_2ddc _cBK |
||
| 999 |
_c5757 _d5757 |
||